2819-大阪市天王寺区(大阪府)の駅 - Statistics

General Stats
  • This quiz has been taken 41 times
  • The average score is 6 of 7
Answer Stats
Answer % Correct
天王寺
100%
大阪上本町
87%
桃谷
85%
鶴橋
82%
玉造
74%
四天王寺前夕陽ヶ丘
69%
谷町九丁目
64%
No matching quizzes found
Score Distribution
Percent of People with Each Score
Percentile by Number Answered
Your Score History
You have not taken this quiz